| 000 | 00554nam a2200193Ia 4500 | ||
|---|---|---|---|
| 003 | IN-BaIIA | ||
| 008 | 211028s9999 xx 000 0 eng d | ||
| 020 | _a0-618-25735-7 | ||
| 040 | _cIIA Library | ||
| 080 |
_a530.12 _bGOT |
||
| 100 |
_aGott, J. R _927061 |
||
| 245 | 0 |
_aTime travel in Einstein's universe _bthe physical possibilities of travel through time _cJ. R. Gott |
|
| 260 |
_aBoston _bHoughton Mifflin _c2002 |
||
| 300 | _axii, 291p. | ||
| 650 |
_aEinstein _919993 |
||
| 650 |
_aTime travel _926777 |
||
| 650 |
_aUniverse _91987 |
||
| 942 | _cBK | ||
| 999 |
_c14959 _d14959 |
||